000 01021nam a22001937a 4500
999 _c5081
_d5081
003 AR-CdUCM
008 190311b ||||| |||| 00| 0 spa d
040 _aMUNICIPALIDAD PROVINCIAL DEL CUSCO
_cBIBLIOTECA MUNICIPAL DEL CUSCO
082 _a985.613 /
_bEX97
110 _aMinisterio de Relaciones Exteriores del Perú
_915478
245 _aExpedición del Benemérito Señor Baltasar La Torre al río Madre de Dios y playas de los Sirineyris y su Trágico fin :
_bCorrespondencia (1872-1873)
260 _aLima :
_bDelSolArt Servicios Gráficos ;
_c2008.
300 _a90 páginas ;
_bFotografías. mapas,
_c24 cm.
505 _aContenido: El Cuzco y Machu Picchu en la cartografía peruana del siglo XIX -- Expedición del coronel don Baltasar La Torre a los valles de Paucartambo -- Oficios de Baltasar La Torre, Prefecto del Cuzco, a Mariano del Castillo y Ezequiel Yábar, subprefecto de Paucartambo...
650 _aExpedición
_915479
650 _aRío Madre de Dios
_915480
942 _2ddc
_cLIBROS
945 _anom